000 00714nam a2200241 i 4500
001 C2-0335139
003 PPAK
005 20180728134649.0
008 151220s2015 my |||| ||||| | may d
040 _aPPAK
_beng
_cPPAK
_erda
082 0 4 _a959.5
_223
090 0 0 _a959.5
_bMAN
_dKK
100 0 _aMansor Puteh,
_eauthor
245 1 0 _aMerdeka tanpa pertumpahan darah
264 1 _aKuala Lumpur :
_bDewan Budaya ,
_c2015
300 _a1 volume (unpaged) ;
_c30 cm
336 _2rdacontent
_atext
337 _2rdamedia
_aunmediated
338 _2rdacarrier
_avolume
500 _aPetikan dari majalah Dewan Budaya Ogos 2015.
650 1 0 _aIndependence Day (Malaysia) ; Malaysia - History.
942 _ddc
_cB
999 _c133399
_d133399